Statistics for Geography of South Africa

Click here to take the quiz!

General Stats

  • This quiz has been taken 6,884 times
  • The average score is 13 of 20

Answer Stats

Question Answer % Correct
Which country bordering South Africa starts with the letter Z?Zimbabwe
98%
What is the most populous city in South Africa?Johannesburg
97%
What are the three capitals of South Africa?Cape Town
97%
What country is completely surrounded by South Africa?Lesotho
92%
What South African language is descended from Dutch?Afrikaans
92%
What are the three capitals of South Africa?Pretoria
91%
What cape is commonly misbelieved to be Africa's southernmost point?Cape of {Good} {Hope}
91%
What are the two most commonly-spoken first languages in South Africa?Zulu
74%
What are the three capitals of South Africa?Bloemfontein
73%
What large desert is located in the northern part of the country?Kalahari
67%
What group of South African islands are located 1,769 km southeast of
the African mainland?
Prince {Edward}
Islands
62%
What is the most populous city in the province of KwaZulu-Natal?Durban
59%
On what island was Nelson Mandela imprisoned for 18 years?{Robben} Island
53%
What are the two most commonly-spoken first languages in South Africa?Xhosa
47%
What game reserve became South Africa's first national park in 1926?Kruger
36%
What is South Africa's longest river?{Orange} River
36%
What is the southernmost large city on the African continent?Port Elizabeth
33%
What is the term for a settlement, like Soweto, that was built on the outskirts of a city
and reserved for non-white residents?
Township
29%
What mountain range is located between the borders of South Africa and the above?Drakensberg
22%
What cape is actually Africa's southernmost point?Cape {Agulhas}
15%

Score Distribution

Percentile by Number Answered

Percent of People with Each Score

Your Score History

You have not taken this quiz